| 000 | 00000nam 2200000zi 4500 |
| 001 | 9.941012 |
| 003 | CaOODSP |
| 005 | 20240725095744 |
| 006 | m o d f |
| 007 | cr |n||||||||| |
| 008 | 240725t19911991onc o f000 0|eng d |
| 020 | |z0662189620 |
| 040 | |aCaOODSP|beng|erda|cCaOODSP |
| 043 | |an-cn--- |
| 086 | 1 |aCo22-108/1991E-PDF|zCo22-108/1991E |
| 245 | 00|aDistribution undertakings and the Broadcasting Act. |
| 264 | 1|a[Ottawa] : |bCommunications Canada, |c[1991] |
| 264 | 4|c©1991 |
| 300 | |a1 online resource (13 pages) |
| 336 | |atext|btxt|2rdacontent |
| 337 | |acomputer|bc|2rdamedia |
| 338 | |aonline resource|bcr|2rdacarrier |
| 500 | |aDigitized edition from print [produced by Innovation, Science and Economic Development Canada]. |
| 500 | |aIssued also in French under title: Les entreprises de distribution et la Loi sur la radiodiffusion. |
| 500 | |a"Information on changes in Canada's broadcasting legislation for S/MATVs and rebroadcasting systems." |
| 650 | 0|aSatellite master antenna television|xLaw and legislation|zCanada. |
| 650 | 0|aBroadcasting|xLaw and legislation|zCanada. |
| 650 | 0|aDirect broadcast satellite television|xLaw and legislation|zCanada. |
| 710 | 1 |aCanada. |bCommunications Canada, |eissuing body. |
| 775 | 08|tLes entreprises de distribution et la Loi sur la radiodiffusion.|w(CaOODSP)9.941014 |
| 856 | 40|qPDF|s758 KB|uhttps://publications.gc.ca/collections/collection_2024/isde-ised/co22/Co22-108-1991-eng.pdf |